000
00345nam a2200133Ia 4500
008
230411s9999 xx 000 0 und d
041
_a
eng
082
_a
MS/616.0754/EPS/B07439
100
_a
Epstein Owen
_9
179566
245
_a
Clinical Examination
260
_b
Mosby Elsevier
_a
Edinburgh
_c
2008
300
_a
438p
999
_c
157567
_d
157567